| 000 | 00779nam a2200205 a 4500 | ||
|---|---|---|---|
| 001 | BRCA_7000 | ||
| 005 | 20190320205655.0 | ||
| 008 | 231111s1923----sz-#######---#000-0#ger-# | ||
| 041 | _ager | ||
| 044 | _asz | ||
| 050 | 4 |
_aPC1129.G3 _b.B58 1923 |
|
| 100 | 1 |
_aBonghi, Georg _917419 |
|
| 245 | 1 | 0 |
_aDer beredte Italianer _bkleines Handbuch der italienischen Sprache, enthaltend: Grammatik, Gespräche, Lesestücke und Wörtersammlung : eine Anleitung in sehr kurzer Zeit, ohne Hilfe eines Lehrers, leicht und richtig italienisch lesen, schreiben und sprechen lernen _cherausgegeben von Dr. G. Boughi |
| 260 |
_aZúrich, Suiza _bFr. Brothner _c1923 |
||
| 300 |
_a200 p. _c16 cm. |
||
| 500 | _aO15 | ||
| 650 | 1 | 4 |
_aLenguaje Italiano _xManual _917420 |
| 902 | _aGFM | ||
| 942 |
_2lcc _cB |
||
| 999 |
_c6681 _d6681 |
||